Dopravná politika a užívatelia cestných komunikácií
Základné ciele dopravnej politiky, ako aj základné a špecifické stratégie dopravnej politiky. Článok popisuje aj charakteristiky a potreby rôznych skupín užívateľov cestných komunikácií, pričom identifikuje typy užívateľov dopravy, ktorým treba venovať zvláštnu pozornosť v procese prideľovania prior...
Guardado en:
| Autor principal: | |
|---|---|
| Otros Autores: | |
| Formato: | Capítulo de libro |
| Lenguaje: | eslovaco |
| Materias: | |
| Etiquetas: |
Sin Etiquetas, Sea el primero en etiquetar este registro!
|
MARC
| LEADER | 00000naa$a2200000$$$4500 | ||
|---|---|---|---|
| 001 | 0046424 | ||
| 005 | 20230825090533.8 | ||
| 041 | 0 | |a slo | |
| 044 | |a SK | ||
| 245 | 1 | 0 | |a Dopravná politika a užívatelia cestných komunikácií |c Mária Kuzmová, Jozef Majchrák |
| 520 | |a Základné ciele dopravnej politiky, ako aj základné a špecifické stratégie dopravnej politiky. Článok popisuje aj charakteristiky a potreby rôznych skupín užívateľov cestných komunikácií, pričom identifikuje typy užívateľov dopravy, ktorým treba venovať zvláštnu pozornosť v procese prideľovania priority pri definovaní novej dopravnej politiky. | ||
| 610 | 2 | 0 | |a politika dopravná |
| 610 | 2 | 0 | |a doprava cestná |
| 610 | 2 | 0 | |a používatelia |
| 610 | 2 | 0 | |a doprava |
| 100 | 1 | |a Kuzmová, Mária | |
| 700 | 1 | |a Majchrák, Jozef | |